Để học tốt sinh học THCS 7

Sách là tài liệu tham khảo giúp giáo viên, học sinh trung học cơ sở có thêm tư liệu để dạy và học tốt hơn bộ môn Sinh học.

সংরক্ষণ করুন:
গ্রন্থ-পঞ্জীর বিবরন
প্রধান লেখক: Nguyễn, Văn Sang
বিন্যাস: গ্রন্থ
ভাষা:Undetermined
প্রকাশিত: Hà Nội Giáo Dục 2006
বিষয়গুলি:
ট্যাগগুলো: ট্যাগ যুক্ত করুন
কোনো ট্যাগ নেই, প্রথমজন হিসাবে ট্যাগ করুন!
Thư viện lưu trữ: Trung tâm Học liệu Trường Đại học Cần Thơ
LEADER 00781nam a2200217Ia 4500
001 CTU_116209
008 210402s9999 xx 000 0 und d
020 |c 10000 
082 |a 570.0712 
082 |b S106/L.7 
100 |a Nguyễn, Văn Sang 
245 0 |a Để học tốt sinh học THCS 7 
245 0 |c Nguyễn Văn Sang, Nguyễn Thị Vân 
260 |a Hà Nội 
260 |b Giáo Dục 
260 |c 2006 
520 |a Sách là tài liệu tham khảo giúp giáo viên, học sinh trung học cơ sở có thêm tư liệu để dạy và học tốt hơn bộ môn Sinh học. 
650 |a Biology 
650 |x Study and teaching 
904 |i Tuyến 
980 |a Trung tâm Học liệu Trường Đại học Cần Thơ